000 00303nam a2200109Ia 4500
008 160531s9999 xx 000 0 und d
100 _aÖstborn, Per.
245 2 _aA Strict Epistemic Approach to Physics
245 _cby Per Östborn
260 _c2016
856 _uhttp://arxiv.org/pdf/1601.00680v2.pdf
999 _c295274
_d295274